Biogeografía
-д хадгалсан:
| Үндсэн зохиолчид: | , |
|---|---|
| Формат: | Ном |
| Хэл сонгох: | испани |
| Хэвлэсэн: |
Barcelona
Oikos Tau
1981
|
| Хэвлэл: | 3a. ed |
| Цуврал: | Colección Elementos de Geografía, 1
|
| Нөхцлүүд: | |
| Шошгууд: |
Шошго нэмэх
Шошго байхгүй, Энэхүү баримтыг шошголох эхний хүн болох!
|
MARC
| LEADER | 00000nam a2200000 a 4500 | ||
|---|---|---|---|
| 001 | UCO4441 | ||
| 003 | CL-VaPUC | ||
| 008 | 000804e19810000SP |||||||||||||||||spa|d | ||
| 082 | 0 | 4 | |a 578.09 |b LAC |2 21 |
| 100 | |a Lacoste, Alain |e author |9 448949 | ||
| 700 | 0 | |a Salanon, Robert |e author |9 448950 | |
| 245 | 1 | 0 | |a Biogeografía |
| 250 | |a 3a. ed | ||
| 300 | |a 271 p | ||
| 942 | |c BK | ||
| 945 | |d 20000804 00:00:00 |a vberengu | ||
| 260 | |a Barcelona |b Oikos Tau |c 1981 | ||
| 650 | 7 | |a BIOSFERA |2 CL-VaPUC |9 264378 | |
| 650 | 0 | |a Climatología |9 262302 | |
| 650 | 7 | |a ESTRUCTURAS DEMOGRAFICAS |2 CL-VaPUC |9 448951 | |
| 650 | 7 | |a FITOGEOGRAFIA |2 CL-VaPUC |9 264646 | |
| 650 | 0 | |a Geografía |9 259346 | |
| 650 | 0 | |a Geología |9 260984 | |
| 650 | 7 | |a OCEANOLOGIA |2 CL-VaPUC |9 360591 | |
| 650 | 0 | |a Suelos |9 260322 | |
| 583 | |a last modification |c 20000804 00:00:00 |k Rodrigo Vera | ||
| 490 | 0 | |a Colección Elementos de Geografía, 1 | |
| 999 | |c 290482 |d 290480 | ||
| 952 | |0 0 |1 0 |4 0 |6 578_090000000000000_LAC_1981 |7 0 |8 A |9 339937 |a BIBING |b BIBING |d 2019-11-20 |i 3638537 |o 578.09 LAC 1981 |p 3638537 |r 2025-01-20 |w 2019-11-20 |y BK |k GEO | ||
| 952 | |0 0 |1 0 |4 0 |6 578_090000000000000_LAC_1981 |7 0 |8 A |9 339938 |a BIBING |b BIBING |d 2019-11-20 |i 4429230 |o 578.09 LAC 1981 |p 4429230 |r 2025-01-20 |w 2019-11-20 |y BK |k GEO | ||